000 00664nam a2200241Ia 4500
003 OSt
005 20220928115643.0
006 a|||||r|||| 00| 0
007 ta
008 220927b |||||||| |||| 00| 0 eng d
024 _a41707
037 _cTextual
040 _aSDCL
_cSDCL
_beng
041 _2eng
_aeng
082 _aS38:86, M2
100 _aKane Robert L Ed.
_9445382
245 0 _aValues and long-term care.
260 _aToronto
_bLexington Books
_c1982
300 _axi,292p.
_ccm.
700 _a Kane Rosalie A Ed.
_9445383
942 _hS38:86, M2
_cTEXL
_2CC
999 _c760338
_d760338